000
00323nam a22001457a 4500
008
211012b ||||| |||| 00| 0 eng d
020
_a
0393953475
041
_a
eng
080
_a
371
082
_a
371
100
_a
46
101
_a
EDU
245
_a
Writing Research Paper A Norton Guide
_c
Walker,M
942
_2
udc
_c
BK
999
_c
58181
_d
58181